[Event "Groningen PCA"]
[Site "Groningen"]
[Date "1993.??.??"]
[Round "1"]
[White "Ehlvest, Jaan"]
[Black "Lobron, Eric"]
[Result "1/2-1/2"]
[WhiteElo "2620"]
[BlackElo "2575"]
[PlyCount "49"]
[EventDate "1993.12.??"]
[Source "ChessBase"]

1. e4 c6 2. c4 d5 3. exd5 Nf6 4. Nc3 cxd5 5. cxd5 Nxd5 6. Nf3 Nxc3 7. bxc3 g6 8. d4 Bg7 9. Bd3 O-O 10. O-O Nc6 11. Re1 Bg4 12. h3 Bxf3 13. Qxf3 Qa5 14. Bb2 Rac8 15. a4 Rfd8 16. Bc4 e6 17. Ba2 Rc7 18. Qe2 a6 19. Qd1 Ne7 20. Qb3 h5 21. Rad1 b5 22. axb5 axb5 23. Ra1 Nd5 24. Bb1 Qb6 25. Be4 1/2-1/2

[Event "Aberdeen Open"]
[Site "Aberdeen SCO"]
[Date "1996.??.??"]
[Round "3"]
[White "Lalic, Bogdan"]
[Black "Hodgson, Julian M"]
[Result "1/2-1/2"]
[WhiteElo "2575"]
[BlackElo "2615"]
[PlyCount "26"]
[EventDate "1996.??.??"]
[Source "www.chesslib.no"]
[SourceDate "2004.05.04"]

1. c4 c6 2. e4 d5 3. cxd5 cxd5 4. exd5 Nf6 5. Nc3 Nxd5 6. Nf3 Nc6 7. Bb5 Nxc3 8. bxc3 Bg4 9. Qe2 a6 10. Bxc6+ bxc6 11. Qe4 Bxf3 12. Qxf3 Qd5 13. Qxd5 cxd5 1/2-1/2

[Event "Vrsac"]
[Site "?"]
[Date "2006.09.20"]
[Round "8"]
[White "Damljanovic Branko"]
[Black "Solak Dragan"]
[Result "0-1"]
[WhiteElo "2625"]
[BlackElo "2564"]
[PlyCount "104"]
[EventDate "2006.??.??"]
[Source "www.chesslib.no"]
[SourceDate "2004.05.04"]

1. c4 c6 2. e4 d5 3. exd5 cxd5 4. cxd5 Nf6 5. Nc3 Nxd5 6. Nf3 Nc6 7. Bb5 e6 8. O-O Be7 9. d4 O-O 10. Re1 Qd6 11. a3 Rd8 12. Qc2 Nf6 13. Be3 Bd7 14. Rad1 Rac8 15. Bd3 Be8 16. Qb1 g6 17. Bc4 Na5 18. Ba2 Nc4 19. d5 Nxd5 20. Nxd5 exd5 21. Bxc4 Rxc4 22. Bxa7 Bd7 23. Bd4 Bf5 24. Qa1 Bg4 25. Re3 Bf6 26. Bxf6 Qxf6 27. b3 Qxa1 28. Rxa1 Rc2 29. Ne1 Rb2 30. Rd3 Bf5 31. Rd4 Rxb3 32. h3 b5 33. Kh2 Kg7 34. Nf3 Be4 35. Ne1 Kf6 36. Rad1 Rb8 37. f3 Bf5 38. g4 Be6 39. R4d3 Rxd3 40. Rxd3 Ke5 41. Nc2 Rc8 42. Nd4 Rc4 43. Nxb5 d4 44. Kg3 g5 45. h4 gxh4+ 46. Kxh4 Bd7 47. Rb3 Bxb5 48. Rxb5+ Kf4 49. Rf5+ Ke3 50. Rxf7 d3 51. Re7+ Kxf3 52. Rxh7 Rxg4+ 0-1

[Event "6th Dubai Open"]
[Site "Dubai"]
[Date "2004.04.25"]
[Round "7.9"]
[White "Jobava, Baadur"]
[Black "Goloshchapov, Alexander"]
[Result "0-1"]
[WhiteElo "2616"]
[BlackElo "2569"]
[PlyCount "118"]
[EventDate "2004.04.19"]
[Source "Roberto Alvarez"]
[SourceDate "2004.05.03"]

1. c4 c6 2. e4 d5 3. exd5 cxd5 4. cxd5 Nf6 5. Qa4+ Nbd7 6. Nc3 a6 7. Nf3 g6 8. d6 exd6 9. Bc4 Bg7 10. Bxf7+ Kxf7 11. Ng5+ Ke7 12. O-O Ne5 13. d4 Nf7 14. Qb3 Nxg5 15. Bxg5 Re8 16. Rae1+ Kf8 17. Ne4 Be6 18. Qf3 Bf5 19. Nxf6 Bxf6 20. Rxe8+ Kxe8 21. Bxf6 Qxf6 22. Qxb7 Rc8 23. Qxh7 Qe7 24. Qg8+ Kd7 25. Qb3 Qe2 26. Qf7+ Kc6 27. Qa7 Kd5 28. Qb7+ Rc6 29. h3 Be4 30. Rc1 Bc2 31. Qb4 Qb5 32. Qd2 Bf5 33. Re1 Qd3 34. Qa5+ Qb5 35. Qd8 Rc2 36. g4 Re2 37. Rc1 Bc2 38. Qg5+ Kxd4 39. Qf4+ Kd5 40. Qf3+ Kc5 41. b4+ Kb6 42. a4 Qe5 43. a5+ Kb5 44. Kf1 Rd2 45. Qb7+ Ka4 46. Qc6+ Kb3 47. Kg1 Qf4 48. Qb6 Rxf2 49. Qxf2 Qxc1+ 50. Kh2 Qd1 51. b5 axb5 52. a6 Qd5 53. a7 Be4 54. h4 b4 55. Kg3 Qe5+ 56. Kh3 Qc3+ 57. Qg3 Kc2 58. h5 gxh5 59. Qxc3+ bxc3 0-1

[Event "Manresa Open"]
[Site "?"]
[Date "2004.08.26"]
[Round "7"]
[White "Korneev Oleg"]
[Black "Izoria Zviad"]
[Result "1/2-1/2"]
[WhiteElo "2587"]
[BlackElo "2595"]
[PlyCount "29"]
[EventDate "2004.??.??"]
[Source "www.chesslib.no"]
[SourceDate "2004.05.04"]

1. e4 c6 2. c4 d5 3. exd5 cxd5 4. cxd5 Nf6 5. Nc3 Nxd5 6. Nf3 e6 7. Bc4 Nxc3 8. bxc3 Qc7 9. Qe2 Be7 10. O-O O-O 11. d4 Nd7 12. Rd1 g6 13. d5 Nc5 14. Rd4 Bd6 15. Ng5 1/2-1/2

[Event "Essen 75/98"]
[Site "?"]
[Date "1999.??.??"]
[Round "?"]
[White "Christiansen, Larry Mark"]
[Black "Dautov, Rustem"]
[Result "1/2-1/2"]
[WhiteElo "2581"]
[BlackElo "2598"]
[PlyCount "84"]
[EventDate "1999.??.??"]
[Source "ChessBase"]
[SourceDate "1999.02.01"]

1. e4 c6 2. c4 d5 3. exd5 cxd5 4. cxd5 Nf6 5. Nc3 Nxd5 6. Nf3 Nxc3 7. bxc3 g6 8. Bb5+ Bd7 9. a4 Bg7 10. O-O O-O 11. Ba3 a6 12. Bxd7 Qxd7 13. Re1 Nc6 14. Rb1 Rfd8 15. Bc5 Qf5 16. d4 Rd7 17. Qe2 e6 18. h3 Bf8 19. Bxf8 Rxf8 20. Qe3 Rc8 21. Ng5 Ne7 22. g4 Qf6 23. Ne4 Qg7 24. Qf3 Nd5 25. g5 Rdc7 26. Rb3 Qf8 27. Reb1 Qe7 28. h4 h5 29. Qg3 b6 30. Rxb6 Nxc3 31. Nxc3 Rxc3 32. Qe5 Qc7 33. Qxc7 R8xc7 34. Rxa6 Rc1+ 35. Rxc1 Rxc1+ 36. Kg2 Rc4 37. Ra8+ Kg7 38. Kg3 Rxd4 39. f3 e5 40. a5 e4 41. fxe4 Rxe4 42. a6 Rg4+ 1/2-1/2

[Event "Zuerich op"]
[Site "?"]
[Date "2001.12.29"]
[Round "6"]
[White "Glek Igor V"]
[Black "Burmakin Vladimir"]
[Result "1-0"]
[WhiteElo "2590"]
[BlackElo "2586"]
[PlyCount "115"]
[EventDate "2001.??.??"]
[Source "www.chesslib.no"]
[SourceDate "2004.05.04"]

1. e4 c6 2. c4 d5 3. cxd5 cxd5 4. exd5 Nf6 5. Nc3 Nxd5 6. Nf3 Nc6 7. Bb5 e6 8. O-O Be7 9. d4 O-O 10. Re1 Nf6 11. Bf4 Nb4 12. Ne5 Nbd5 13. Bg3 a6 14. Be2 b5 15. a4 b4 16. Nxd5 Nxd5 17. a5 Bb7 18. Nc4 Rc8 19. Qb3 Bc6 20. Ne5 Bb7 21. Bf3 Bf6 22. Nc4 Ba8 23. Nd6 Rc6 24. Bxd5 exd5 25. Nf5 Qd7 26. Qf3 Re6 27. h4 g6 28. Nh6+ Kg7 29. Qf4 Re4 30. Rxe4 dxe4 31. Ng4 Bd8 32. Rc1 f6 33. Qh6+ Kg8 34. Ne3 Bxa5 35. Ra1 Bb6 36. Rxa6 Bxd4 37. Rd6 Qa7 38. h5 Bxe3 39. fxe3 Qg7 40. Qf4 gxh5 41. Bh4 Qg4 42. Qf2 Bb7 43. Rxf6 Rxf6 44. Qxf6 Bc8 45. Qd8+ Kf7 46. Qe7+ Kg8 47. Qe8+ Kg7 48. Be7 Qf5 49. Bxb4 h4 50. Qe7+ Kg6 51. Qxh4 Bd7 52. Qd8 Bb5 53. Qe7 Bd3 54. Bc3 Qf1+ 55. Kh2 Qf7 56. Qd6+ Kg5 57. Kg3 Kf5 58. Kh4 1-0

[Event "Hyderabad WIPRO"]
[Site "?"]
[Date "2000.07.28"]
[Round "13"]
[White "Vladimirov Evgeny"]
[Black "Sasikiran Krishnan"]
[Result "0-1"]
[WhiteElo "2598"]
[BlackElo "2573"]
[PlyCount "54"]
[EventDate "2000.??.??"]
[Source "www.chesslib.no"]
[SourceDate "2004.05.04"]

1. c4 c6 2. e4 d5 3. exd5 cxd5 4. cxd5 Nf6 5. Nc3 Nxd5 6. Bc4 e6 7. Nf3 Be7 8. O-O O-O 9. Re1 Nc6 10. d4 Bf6 11. Re4 b6 12. a3 Nxc3 13. bxc3 e5 14. Qa4 Bb7 15. Rg4 exd4 16. cxd4 Qd7 17. Rf4 Rad8 18. Bb2 Qd6 19. g3 a6 20. Ba2 Ne7 21. Ne5 b5 22. Qb4 Bxe5 23. dxe5 Qd1+ 24. Qe1 Qc2 25. Qc1 Qe2 26. e6 fxe6 27. Rxf8+ Rxf8 0-1

[Event "Taastrup"]
[Site "?"]
[Date "1992.??.??"]
[Round "?"]
[White "Gurevich, Mikhail N"]
[Black "Hector, Jonny"]
[Result "1-0"]
[WhiteElo "2635"]
[BlackElo "2535"]
[PlyCount "47"]
[EventDate "1992.??.??"]
[Source "www.chesslib.no"]
[SourceDate "2004.05.04"]

1. c4 c6 2. e4 e5 3. Nf3 Qa5 4. Be2 f5 5. exf5 e4 6. Ng5 Qxf5 7. d3 Bb4+ 8. Nc3 exd3 9. Bxd3 Qe5+ 10. Be3 Nf6 11. O-O O-O 12. Nce4 Nxe4 13. Bxe4 h6 14. Bh7+ Kh8 15. Bc2 d5 16. Qh5 Bd6 17. g3 Qf6 18. Nh7 Qf3 19. Qh4 Nd7 20. Bxh6 Kg8 21. Ng5 Be7 22. Bxg7 Bxg5 23. Qh7+ Kf7 24. Rae1 1-0

[Event "Bundesliga 9900"]
[Site "Germany"]
[Date "1999.12.11"]
[Round "5"]
[White "Onischuk, Alexander"]
[Black "Schlosser, Philipp"]
[Result "1/2-1/2"]
[WhiteElo "2657"]
[BlackElo "2512"]
[PlyCount "135"]
[EventDate "1999.10.??"]
[Source "ChessBase"]
[SourceDate "2000.01.11"]

1. c4 c6 2. e4 d5 3. exd5 cxd5 4. cxd5 Nf6 5. Nc3 Nxd5 6. Nf3 e6 7. Bc4 Be7 8. O-O O-O 9. Re1 Nc6 10. d4 Bf6 11. Ne4 b6 12. Nxf6+ Nxf6 13. Bg5 Bb7 14. Rc1 Rc8 15. Bd3 h6 16. Be3 Qd5 17. Bc4 Qf5 18. Bd3 Qd5 19. Bc4 Qf5 20. h3 Rfd8 21. Qe2 Nd5 22. Bd3 Qf6 23. Be4 Qe7 24. a3 Nxe3 25. fxe3 Nb8 26. Qd3 Ba6 27. Qb3 Bb7 28. Qd3 Ba6 29. Qb1 Nd7 30. b4 Nf6 31. Bc6 Bb7 32. Ne5 a6 33. a4 Nd5 34. b5 a5 35. Qe4 Rc7 36. Rf1 Qa3 37. Rce1 Bxc6 38. Nxc6 Rf8 39. Qe5 Rd7 40. e4 Ne7 41. d5 exd5 42. Qd4 Qd6 43. Qxb6 dxe4 44. Rxe4 Nxc6 45. bxc6 Rb8 46. Qa6 Qc5+ 47. Kh1 Rc7 48. Rc4 Qd5 49. Rc2 Rb3 50. Kh2 Qe5+ 51. Kg1 Rc3 52. Rxc3 Qxc3 53. Qa8+ Kh7 54. Qe8 Qc5+ 55. Kh2 Qd6+ 56. Kh1 Qd5 57. Rc1 f5 58. Qf8 f4 59. Qxf4 Rxc6 60. Rxc6 Qxc6 61. Qf5+ Kg8 62. Qxa5 Qc1+ 63. Kh2 Qf4+ 64. Kg1 Qe3+ 65. Kf1 Qf4+ 66. Ke2 Qe4+ 67. Kd1 Qd3+ 68. Ke1 1/2-1/2

[Event "Andorra Open"]
[Site "?"]
[Date "2005.07.13"]
[Round "5"]
[White "Damljanovic Branko"]
[Black "Peralta Fernando"]
[Result "1/2-1/2"]
[WhiteElo "2612"]
[BlackElo "2553"]
[PlyCount "152"]
[EventDate "2005.??.??"]
[Source "www.chesslib.no"]
[SourceDate "2004.05.04"]

1. c4 c6 2. e4 d5 3. exd5 cxd5 4. cxd5 Nf6 5. Nc3 Nxd5 6. Nf3 Nxc3 7. bxc3 g6 8. d4 Qa5 9. Bd2 Bg7 10. Bd3 O-O 11. O-O Nc6 12. Re1 Bg4 13. Be4 Rad8 14. Qc1 Rc8 15. Bxc6 bxc6 16. Ne5 Bf5 17. Bh6 Rfe8 18. Bxg7 Kxg7 19. Nc4 Qd5 20. Ne3 Qd7 21. Qa3 Be6 22. Rad1 f6 23. c4 Bf7 24. h3 Rcd8 25. Re2 Qc7 26. Red2 Rd7 27. Qc3 Red8 28. Nc2 Qb6 29. Nb4 Rb7 30. Nc2 Rbd7 31. Ne3 Qc7 32. Qa3 Qb6 33. d5 cxd5 34. cxd5 e6 35. d6 e5 36. g4 Kg8 37. g5 f5 38. Nd5 Bxd5 39. Rxd5 e4 40. Qg3 Qb2 41. R5d2 Qb5 42. Rc1 Qb6 43. Rcd1 Qb5 44. Qf4 Re8 45. Qe3 Qb6 46. Rd4 Re6 47. Qg3 Re8 48. a4 e3 49. fxe3 Qb3 50. R1d3 Qb1+ 51. Kh2 Qc2+ 52. Qg2 Qxg2+ 53. Kxg2 Kf7 54. Kf3 Red8 55. Rd5 Ke6 56. Ra5 Rb8 57. Rd4 Rb6 58. Kf4 Rbxd6 59. Rxd6+ Kxd6 60. Ra6+ Kd5 61. h4 Re7 62. h5 Re4+ 63. Kf3 gxh5 64. Rxa7 Rg4 65. a5 Rxg5 66. Rxh7 Rg4 67. Rxh5 Ke5 68. a6 Ra4 69. Rh6 Ra3 70. Ke2 Ke4 71. Kd2 Ra2+ 72. Kc3 Kxe3 73. Kb3 Ra1 74. Kb2 Ra5 75. Rh3+ Kd4 76. Ra3 Rb5+ 1/2-1/2

[Event "Phillips&Drew"]
[Site "London"]
[Date "1982.??.??"]
[Round "?"]
[White "Nunn, John DM"]
[Black "Seirawan, Yasser"]
[Result "0-1"]
[WhiteElo "2590"]
[BlackElo "2575"]
[PlyCount "146"]
[EventDate "1982.04.??"]
[Source "ChessBase"]

1. e4 c6 2. c4 d5 3. exd5 cxd5 4. cxd5 Qxd5 5. Nc3 Qd6 6. d4 Nf6 7. Nf3 e6 8. Bd3 Nc6 9. O-O Be7 10. Be3 Nb4 11. Rc1 O-O 12. Bb1 b6 13. Re1 Bb7 14. Ne5 Rac8 15. Bg5 Nbd5 16. Qd3 g6 17. Bh6 Rfe8 18. Qh3 Bf8 19. Bg5 Bg7 20. Rcd1 Nxc3 21. bxc3 Nd7 22. Ng4 b5 23. Rd3 f5 24. Nh6+ Kf8 25. Bc1 Be4 26. Rxe4 fxe4 27. Rg3 Nf6 28. Qh4 e5 29. h3 exd4 30. Bf4 Qd8 31. cxd4 Nh5 32. Bg5 Qd6 33. Nf5 Qd7 34. Nxg7 Kxg7 35. Bxe4 Nxg3 36. Bf6+ Kg8 37. fxg3 Qf7 38. Be5 Rc4 39. Kh2 a5 40. Bd3 Rb4 41. Qg5 Rb2 42. Qc1 Rf2 43. Bxb5 Rxg2+ 44. Kh1 Rc2 45. Qxc2 Qd5+ 46. Kg1 Qxb5 47. a4 Qd7 48. Qb3+ Qf7 49. Qxf7+ Kxf7 50. Bc7 Re4 51. Bb6 h5 52. Kf2 Ke6 53. Kf3 Kf5 54. h4 Rg4 55. Bc5 Ke6 56. Bb6 Kd5 57. Bc5 Kc6 58. Ba7 g5 59. hxg5 Rxg5 60. Bb8 Rg7 61. Bf4 Rb7 62. Bd2 Rb3+ 63. Kf4 Kb6 64. Be1 Ra3 65. Kg5 Rxa4 66. Kxh5 Ra1 67. Bf2 Rf1 68. Be3 Rf3 69. Bf4 a4 70. Be5 a3 71. g4 Kc6 72. g5 Kd5 73. g6 Rf1 0-1

[Event "CRO Team Ch"]
[Site "Tucepi"]
[Date "1996.??.??"]
[Round "?"]
[White "Varga, Zoltan"]
[Black "Leko, Peter"]
[Result "1/2-1/2"]
[WhiteElo "2540"]
[BlackElo "2625"]
[PlyCount "102"]
[EventDate "1996.??.??"]
[Source "www.chesslib.no"]
[SourceDate "2004.05.04"]

1. e4 c6 2. c4 d5 3. cxd5 cxd5 4. exd5 Nf6 5. Bb5+ Nbd7 6. Nc3 a6 7. Be2 Nb6 8. Nf3 g6 9. O-O Bg7 10. d4 O-O 11. Ne5 Nbxd5 12. Bf3 Be6 13. Na4 Nd7 14. Nxd7 Bxd7 15. Bxd5 Bxa4 16. Bxf7+ Rxf7 17. Qxa4 Qxd4 18. Qb3 b5 19. a4 Qc4 20. Qd1 Raf8 21. b3 Qd4 22. Qxd4 Bxd4 23. Ra2 bxa4 24. bxa4 Rc8 25. Be3 Bxe3 26. fxe3 Rc3 27. Rxf7 Kxf7 28. Kf2 Rc4 29. a5 Rc5 30. Kf3 Re5 31. h4 Ke6 32. e4 Rb5 33. Kf4 h6 34. Ra4 Kf6 35. Ra3 e6 36. g3 g5+ 37. hxg5+ hxg5+ 38. Kf3 Ke5 39. Ra4 Rb3+ 40. Kg4 Re3 41. Ra1 Kxe4 42. Rb1 Ra3 43. Rb6 Rxa5 44. Rxe6+ Kd5 45. Rg6 Kc4 46. Kh5 Kb4 47. g4 Kc3 48. Rxg5 Rxg5+ 49. Kxg5 a5 50. Kf6 a4 51. g5 a3 1/2-1/2

[Event "ch-Euro Blitz"]
[Site "Ajaccio FRA"]
[Date "2007.10.25"]
[Round "15"]
[White "Cvitan, O."]
[Black "Fridman, D2."]
[Result "1-0"]
[WhiteElo "2543"]
[BlackElo "2621"]
[PlyCount "119"]
[EventDate "2007.10.25"]
[Source "www.chesslib.no"]
[SourceDate "2004.05.04"]

1. c4 c6 2. e4 d5 3. exd5 cxd5 4. cxd5 Nf6 5. Nc3 Nxd5 6. Nf3 Nc6 7. Bb5 e6 8. O-O Be7 9. d4 O-O 10. Re1 Bb4 11. Qc2 h6 12. a3 Ba5 13. Bd3 Bb6 14. Rd1 Nf6 15. Be3 Bd7 16. Qe2 Nd5 17. Rac1 Re8 18. Bb1 Nce7 19. Ne5 Bc6 20. Qg4 Nf6 21. Qg3 Kf8 22. Nxc6 Nxc6 23. Ba2 Ne7 24. Bf4 Nh5 25. Qf3 Nxf4 26. Qxf4 Qb8 27. Qf3 Nc6 28. d5 Nd4 29. Rxd4 Bxd4 30. dxe6 f6 31. e7+ Kxe7 32. Qd5 Bxf2+ 33. Kh1 Qf4 34. Rd1 Bd4 35. Qf7+ Kd6 36. Nb5+ Kc5 37. Qc4+ Kb6 38. Nxd4 Re5 39. Qb4+ Ka6 40. Bc4+ b5 41. Bxb5+ Kb6 42. Ba4+ Ka6 43. Qd6+ Ka5 44. Nb3+ Kxa4 45. Nc5+ Kb5 46. a4+ Kc4 47. b3+ Kc3 48. Nd3 Qd4 49. Qc6+ Kxb3 50. Nc1+ Ka3 51. Nd3 Re3 52. Qc1+ Kb3 53. Qb1+ Kxa4 54. Nb2+ Kb5 55. Rxd4 Rb3 56. Qc2 Ra3 57. Qc4+ Kb6 58. Qb4+ Kc6 59. Rd6+ Kc7 60. Qc5+ 1-0

[Event "It (Men) La Roche Sur Yon FRA"]
[Site "?"]
[Date "2006.03.19"]
[Round "5"]
[White "Bauer Christian"]
[Black "Dunis Aurelien"]
[Result "1-0"]
[WhiteElo "2627"]
[BlackElo "2534"]
[PlyCount "117"]
[EventDate "2006.??.??"]
[Source "www.chesslib.no"]
[SourceDate "2004.05.04"]

1. c4 c6 2. e4 d5 3. cxd5 cxd5 4. exd5 Nf6 5. Qa4+ Nbd7 6. Nc3 g6 7. Nf3 Bg7 8. Bc4 a6 9. d3 Rb8 10. Bb3 b5 11. Qf4 Bb7 12. O-O Nc5 13. d6 O-O 14. dxe7 Qxe7 15. Qe5 Qxe5 16. Nxe5 Rbd8 17. Be3 Nxd3 18. Nxd3 Rxd3 19. Rfd1 Rfd8 20. Rxd3 Rxd3 21. Re1 Rd7 22. f3 Nd5 23. Rd1 Nf6 24. Rc1 h6 25. Kf2 Nd5 26. Rd1 Nf6 27. Rc1 Nd5 28. Nxd5 Bxd5 29. Rc8+ Kh7 30. Bxd5 Rxd5 31. Rc7 Kg8 32. b3 Rd6 33. g4 Re6 34. f4 Bb2 35. Kf3 Kg7 36. h4 Bf6 37. g5 hxg5 38. hxg5 Bb2 39. Rc2 Ba1 40. Rc1 Bb2 41. Rc7 Kg8 42. a4 bxa4 43. bxa4 f6 44. gxf6 Rxf6 45. Rc2 Ba1 46. a5 Rf5 47. Bd2 Kf7 48. Rc7+ Ke8 49. Ke4 Kd8 50. Ra7 Rf6 51. Bb4 Kc8 52. Rh7 Rf8 53. Rh6 Rf6 54. Rh1 Bb2 55. Rh2 Re6+ 56. Kd5 Rf6 57. Rxb2 Rxf4 58. Bd6 Rf1 59. Ke6 1-0

[Event "Biel"]
[Site "Biel"]
[Date "1986.??.??"]
[Round "?"]
[White "Nunn, John DM"]
[Black "Miles, Anthony J"]
[Result "1/2-1/2"]
[WhiteElo "2590"]
[BlackElo "2570"]
[PlyCount "32"]
[EventDate "1986.07.??"]
[Source "ChessBase"]

1. e4 c6 2. c4 d5 3. cxd5 cxd5 4. exd5 Qxd5 5. Nc3 Qd6 6. d4 Nf6 7. Nge2 e6 8. g3 Be7 9. Bg2 O-O 10. O-O Rd8 11. Qc2 Qa6 12. Be3 Nc6 13. a3 Bf8 14. Rfd1 Ne7 15. Bg5 Nfd5 16. Nxd5 exd5 1/2-1/2

[Event "Bundesliga 8687"]
[Site "Germany"]
[Date "1987.??.??"]
[Round "?"]
[White "Nunn, John DM"]
[Black "Miles, Anthony J"]
[Result "1/2-1/2"]
[WhiteElo "2590"]
[BlackElo "2570"]
[PlyCount "31"]
[EventDate "1986.10.??"]
[Source "ChessBase"]
[SourceDate "1999.07.01"]

1. e4 c6 2. c4 d5 3. cxd5 cxd5 4. exd5 Nf6 5. Nc3 Nxd5 6. Nf3 g6 7. Bc4 Nb6 8. Bb3 Bg7 9. d4 O-O 10. O-O Bg4 11. d5 N8d7 12. h3 Bxf3 13. Qxf3 Nc8 14. Re1 Nd6 15. Bg5 Bf6 16. Bxf6 1/2-1/2

[Event "XV It"]
[Site "?"]
[Date "2005.12.23"]
[Round "1"]
[White "De la Riva Aguado Oscar"]
[Black "Cheparinov Ivan"]
[Result "0-1"]
[WhiteElo "2541"]
[BlackElo "2618"]
[PlyCount "80"]
[EventDate "2005.??.??"]
[Source "www.chesslib.no"]
[SourceDate "2004.05.04"]

1. e4 c6 2. c4 d5 3. exd5 cxd5 4. cxd5 Nf6 5. Nc3 Nxd5 6. Nf3 Nc6 7. Bb5 Nxc3 8. bxc3 g6 9. O-O Bg7 10. Re1 O-O 11. Ba3 Re8 12. Bxc6 bxc6 13. Ne5 Qd5 14. d4 f6 15. Ng4 e5 16. Ne3 Qf7 17. dxe5 Rxe5 18. Bd6 Re4 19. Qc2 f5 20. Bc5 Re8 21. Nf1 Rxe1 22. Rxe1 Be6 23. Nd2 a5 24. a4 Re8 25. Nf3 Bd5 26. Qd2 Rxe1+ 27. Qxe1 Bb3 28. Bd4 Qe6 29. Qb1 Bf8 30. h3 c5 31. Be3 Qd5 32. Nd2 Bxa4 33. c4 Qd6 34. g3 Bc6 35. Nb3 Be4 36. Qe1 a4 37. Nxc5 Ba8 38. Kf1 a3 39. Qc1 a2 40. Ke1 Bg7 0-1

[Event "Korinthos op 6th"]
[Site "Korinthos"]
[Date "2002.07.26"]
[Round "4"]
[White "Banikas, Hristos"]
[Black "Volkov, Sergey"]
[Result "1/2-1/2"]
[WhiteElo "2521"]
[BlackElo "2636"]
[PlyCount "37"]
[EventDate "2002.07.23"]
[Source "ChessBase"]
[SourceDate "2002.09.11"]

1. c4 c6 2. e4 d5 3. exd5 cxd5 4. cxd5 Nf6 5. Nf3 Nxd5 6. Bc4 e6 7. O-O Be7 8. d4 Nc6 9. Nc3 a6 10. Re1 O-O 11. a3 b5 12. Bd3 Bb7 13. Nxd5 Qxd5 14. Be4 Qd7 15. Qd3 h6 16. Bf4 Bd6 17. d5 Nb4 18. axb4 Bxf4 19. dxe6 1/2-1/2

[Event "Capablanca mem Elite"]
[Site "Varadero"]
[Date "2000.05.08"]
[Round "2"]
[White "Conquest, Stuart"]
[Black "Kobalija, Mihail"]
[Result "1/2-1/2"]
[WhiteElo "2563"]
[BlackElo "2593"]
[PlyCount "109"]
[EventDate "2000.05.07"]
[Source "ChessBase"]
[SourceDate "2000.07.27"]

1. c4 c6 2. e4 d5 3. exd5 cxd5 4. cxd5 Nf6 5. Qa4+ Nbd7 6. Nc3 g6 7. Nf3 Bg7 8. Be2 O-O 9. Qh4 Nb6 10. d4 Nbxd5 11. O-O a6 12. Bh6 b5 13. Ng5 Nxc3 14. bxc3 Bb7 15. Rad1 Rc8 16. Rd3 Qd5 17. Bf3 Qf5 18. Rfd1 Bxf3 19. Rxf3 Qg4 20. Qxg4 Nxg4 21. Bxg7 Kxg7 22. Re1 h6 23. Ne4 Rc6 24. h3 Nf6 25. Nxf6 exf6 26. g4 Rfc8 27. Ree3 Rc4 28. Rd3 Rd8 29. Kg2 Rd6 30. Rfe3 Ra4 31. Rd2 Ra3 32. Kf3 Kf8 33. c4 Ra4 34. cxb5 axb5 35. Ke4 Rda6 36. Kd5 Rxa2 37. Rxa2 Rxa2 38. Kc5 Rxf2 39. d5 Rd2 40. d6 f5 41. gxf5 gxf5 42. Kc6 f4 43. Re5 f3 44. Rxb5 f2 45. Rf5 Ke8 46. Re5+ Kd8 47. Rf5 Rc2+ 48. Kd5 Ke8 49. d7+ Kxd7 50. Rxf7+ Ke8 51. Rf3 Ke7 52. Ke4 Re2+ 53. Kd3 Ra2 54. Ke3 Ra3+ 55. Kxf2 1/2-1/2

[Event "XIX Czech Open Synthesia Rapid"]
[Site "Pardubice CEC"]
[Date "2008.07.17"]
[Round "6"]
[White "Ismagambetov, An"]
[Black "Motylev, A."]
[Result "0-1"]
[WhiteElo "2482"]
[BlackElo "2674"]
[PlyCount "78"]
[EventDate "2008.07.16"]
[Source "www.chesslib.no"]
[SourceDate "2004.05.04"]

1. e4 c6 2. c4 d5 3. cxd5 cxd5 4. exd5 Nf6 5. Qa4+ Nbd7 6. Nc3 a6 7. Nf3 Rb8 8. d4 b5 9. Qb3 Bb7 10. Bf4 Rc8 11. a4 b4 12. Qxb4 Bxd5 13. Be5 e6 14. Bd6 Rb8 15. Qa3 Rb3 16. Bxf8 Rxa3 17. Bxa3 Bxf3 18. gxf3 Qa5 19. O-O-O Nb6 20. Bc5 Nfd5 21. Nxd5 Nxd5 22. Bc4 Qxa4 23. Bxd5 exd5 24. Rhg1 g6 25. Rge1+ Kd8 26. Re7 Re8 27. Rde1 Qa1+ 28. Kd2 Qxb2+ 29. Kd3 Qb5+ 30. Kc3 Rxe7 31. Bxe7+ Kd7 32. Bc5 Qa5+ 33. Bb4 Qc7+ 34. Kb3 Qc4+ 35. Ka4 Qa2+ 36. Ba3 Qc4+ 37. Bb4 Qa2+ 38. Ba3 Qc2+ 39. Ka5 Qd3 0-1

[Event "Zuerich Open"]
[Site "Zurich SUI"]
[Date "1995.??.??"]
[Round "7"]
[White "Rogers, Ian"]
[Black "Tukmakov, Vladimir B"]
[Result "1/2-1/2"]
[WhiteElo "2570"]
[BlackElo "2585"]
[PlyCount "50"]
[EventDate "1995.12.??"]
[Source "www.chesslib.no"]
[SourceDate "2004.05.04"]

1. e4 c6 2. c4 d5 3. exd5 cxd5 4. cxd5 Nf6 5. Bb5+ Nbd7 6. Nc3 a6 7. Qa4 g6 8. Bxd7+ Bxd7 9. Qb3 b5 10. Nf3 Bg7 11. O-O Rb8 12. d4 O-O 13. Bf4 Rb6 14. Qb4 Bc8 15. Qc5 Nd7 16. Bc7 Nxc5 17. Bxd8 Rxd8 18. dxc5 Rb7 19. c6 Rc7 20. Rfd1 Bg4 21. a4 Bxf3 22. gxf3 e6 23. axb5 axb5 24. dxe6 Rxd1+ 25. Rxd1 fxe6 1/2-1/2

[Event "RUS Cup final 4th"]
[Site "Elista"]
[Date "2000.08.20"]
[Round "2"]
[White "Balashov, Yuri S"]
[Black "Lastin, Alexander"]
[Result "1/2-1/2"]
[WhiteElo "2575"]
[BlackElo "2580"]
[PlyCount "85"]
[EventDate "2000.08.19"]
[Source "ChessBase"]
[SourceDate "2000.11.21"]

1. e4 c6 2. c4 d5 3. exd5 cxd5 4. cxd5 Nf6 5. Nc3 Nxd5 6. Nf3 Nxc3 7. bxc3 g6 8. Bb5+ Bd7 9. a4 Bg7 10. O-O O-O 11. Ba3 Nc6 12. Re1 Re8 13. d4 a6 14. Bf1 Qc7 15. Ng5 h6 16. Ne4 Bf5 17. Ng3 Bd7 18. Rb1 e5 19. d5 Na5 20. Ne4 Bf5 21. Bd6 Qd7 22. Bb4 b6 23. Bxa5 bxa5 24. Rb6 Bxe4 25. Rxe4 Rec8 26. d6 Rc5 27. c4 Rxc4 28. Rd4 Rc3 29. Rc4 e4 30. Qd5 Rd8 31. Rxc3 Bxc3 32. Rb7 Qe6 33. Qxe6 fxe6 34. d7 Kf7 35. Bxa6 Ke7 36. Bb5 Bd4 37. Rc7 e3 38. fxe3 Bxe3+ 39. Kf1 Rf8+ 40. Ke2 Bb6 41. Rc6 Bd8 42. Rc4 Bb6 43. Rc8 1/2-1/2